Sports Quiz

Random Sports or Baseball Quiz

Opening Day Ladder Quiz Stats

 Plays Quiz not verified by Sporcle

Challenge
Share
Tweet
Embed
Score 0/19 Timer 02:00
0 Plays Today
Clue 4-Letter Word % Correct
With [last rung], umpire's opening phrasePLAY
94.2%
With [first rung], umpire's opening phraseBALL
92.6%
Actor JackieCHAN
87.8%
Popular computer brandDELL
87.3%
Unable to hearDEAF
86.2%
Lowermost facial protrusionCHIN
85.7%
Game ____ (strategy)PLAN
85.2%
A prison room or mobile phoneCELL
85.2%
A decision made by an umpireCALL
84.1%
This falls in the fallLEAF
82%
Clue 4-Letter Word % Correct
Informal: pitch a baseballDEAL
81%
Unit of breadLOAF
79.9%
Potato or poker, e.g.CHIP
77.2%
MMORPG groupCLAN
76.7%
Hit a ball hard off home plate: Baltimore ____CHOP
70.9%
Give, expecting a returnLOAN
70.9%
A hen penCOOP
66.1%
Large diving waterbirdLOON
57.1%
The dull end of a needleLOOP
55%

You're not logged in!

Compare scores with friends on all Sporcle quizzes.
Join for Free
OR
Log In

You Might Also Like...

Show Comments

Extras

Top Quizzes Today


Score Distribution

Your Account Isn't Verified!

In order to create a playlist on Sporcle, you need to verify the email address you used during registration. Go to your Sporcle Settings to finish the process.

Report this User

Report this user for behavior that violates our Community Guidelines.

Details: